[Event "CAMPEONATO PANAMERICANO-CONTINENTAL ABSOLUTO 2010"
[Site "Cali, Departamento del Valle del Cauca"]
[Date "2010.11.17"]
[Round "2"]
[Board "1"]
[White "Castrillon Gomez, Melissa"]
[Black "Alvarez, Javier"]
[Result "0-1"]
[WhiteElo "2013"]
[BlackElo "2160"]
[PlyCount "98"]
[EventDate "2010.11.17"]
[EventRounds "9"]
[EventCountry "COL"]

1.e4 c5 2.Nf3 d6 3.d4 cxd4 4.Nxd4 Nf6 5.Nc3 Nc6 6.Bg5 e6 7.Qd2 a6 8.O-O-O Bd7
9.f3 Be7 10.Kb1 b5 11.h4 h6 12.Be3 h5 13.Nxc6 Bxc6 14.Ne2 Qc7 15.Nd4 Bd7 16.c3
O-O 17.Bd3 Rfb8 18.Bg5 g6 19.g4 e5 20.Nc2 Be6 21.Bxf6 Bxf6 22.gxh5 Kf8 23.hxg6
fxg6 24.f4 b4 25.Nxb4 a5 26.Na6 Rxa6 27.Bxa6 exf4 28.Qxd6+ Qxd6 29.Rxd6 Ke7
30.Rc6 Kd7 31.Rc5 Kd6 32.Rb5 Rxb5 33.Bxb5 Ke5 34.Bd3 f3 35.b4 Kf4 36.b5 Bxc3
37.b6 Ke3 38.Kc2 Be5 39.b7 Bxa2 40.Ra1 Bb3+ 41.Kxb3 Kxd3 42.Rd1+ Ke2 43.Kc2 f2
44.Rd2+ Ke3 45.Rd3+ Kxe4 46.Rd1 Bf4 47.Rf1 Ke3 48.Rd1 a4 49.Ra1 Bb8

[Event "CAMPEONATO PANAMERICANO-CONTINENTAL ABSOLUTO 2010"
[Site "Cali, Departamento del Valle del Cauca"]
[Date "2010.11.17"]
[Round "2"]
[Board "1"]
[White "Salazar, Aura Cristina"]
[Black "Ospina Loaiza, Jhonny"]
[Result "1-0"]
[WhiteElo "2150"]
[BlackElo "2002"]
[PlyCount "83"]
[EventDate "2010.11.17"]
[EventRounds "9"]
[EventCountry "COL"]

1.e4 e5 2.Nf3 Nc6 3.Bb5 Bc5 4.O-O Nf6 5.c3 O-O 6.d4 Bb6 7.Bg5 h6 8.Bh4 g5 9.Nxg5
hxg5 10.Bxg5 Re8 11.d5 Nb8 12.Qf3 Kg7 13.h4 Rh8 14.d6 cxd6 15.h5 Nc6 16.h6+ Rxh6
17.Bxh6+ Kxh6 18.Nd2 a6 19.Be2 Qh8 20.Nc4 Bc7 21.Rad1 Qg7 22.Nxd6 Ne7 23.Ne8 Qg5
24.Nxf6 Ng6 25.Nd5 Bd8 26.Qxf7 d6 27.Ne3 Be7 28.Nf5+ Bxf5 29.Qxf5 Rf8 30.Qxg5+
Kxg5 31.g3 Rg8 32.Rd5 Nf4 33.Rd2 d5 34.exd5 Bc5 35.b4 Bb6 36.Bf3 Nh3+ 37.Kh2 Rh8
38.Kg2 Rf8 39.Kxh3 Rxf3 40.c4 e4 41.c5 e3 42.Re2

[Event "CAMPEONATO PANAMERICANO-CONTINENTAL ABSOLUTO 2010"
[Site "Cali, Departamento del Valle del Cauca"]
[Date "2010.11.17"]
[Round "2"]
[Board "1"]
[White "Vargas, Edwin"]
[Black "Mateus, Martha"]
[Result "0-1"]
[WhiteElo "2011"]
[BlackElo "2144"]
[PlyCount "102"]
[EventDate "2010.11.17"]
[EventRounds "9"]
[EventCountry "COL"]

1.d4 d5 2.Nf3 Nf6 3.b3 e6 4.e3 c5 5.Bd3 Nc6 6.c3 Ne4 7.Nfd2 f5 8.O-O Bd6 9.f4
O-O 10.Nf3 Bd7 11.a3 Rc8 12.c4 Qc7 13.cxd5 exd5 14.Bxe4 dxe4 15.dxc5 Be7 16.Ne1
Be6 17.Nc3 Bxc5 18.b4 Rfd8 19.Qh5 Bb6 20.Na4 Nd4 21.Nxb6 Qxb6 22.Bb2 Nb3 23.Rd1
Qxe3+ 24.Kh1 Rxd1 25.Qxd1 Qd2 26.Qxd2 Nxd2 27.Rf2 Nc4 28.Kg1 Nxb2 29.Rxb2 Rc1
30.Re2 Rc3 31.a4 Bb3 32.a5 Ba4 33.Kf2 Kf7 34.g4 g6 35.gxf5 gxf5 36.Ng2 Rf3+
37.Ke1 Rh3 38.Ne3 Bb5 39.Nxf5 Bxe2 40.Kxe2 Ke6 41.Nd4+ Kd5 42.Nb5 Rxh2+ 43.Ke3
Rh3+ 44.Ke2 a6 45.Nc7+ Kd6 46.Ne8+ Ke7 47.Nc7 Rf3 48.b5 axb5 49.Nxb5 h5 50.Nd4
Rxf4 51.Ke3 Rg4

[Event "CAMPEONATO PANAMERICANO-CONTINENTAL ABSOLUTO 2010"
[Site "Cali, Departamento del Valle del Cauca"]
[Date "2010.11.17"]
[Round "2"]
[Board "1"]
[White "Orozco, Lina Yomayra"]
[Black "Gomez, Samael"]
[Result "1/2-1/2"]
[WhiteElo "2137"]
[BlackElo "1994"]
[PlyCount "79"]
[EventDate "2010.11.17"]
[EventRounds "9"]
[EventCountry "COL"]

1.e4 Nf6 2.e5 Nd5 3.c4 Nb6 4.d4 d6 5.exd6 cxd6 6.Nc3 g6 7.Be3 Bg7 8.Rc1 O-O
9.Be2 e5 10.dxe5 dxe5 11.Qxd8 Rxd8 12.c5 N6d7 13.Nf3 Nc6 14.Bc4 h6 15.a3 Nf8
16.O-O Be6 17.Bb5 f5 18.Rcd1 g5 19.h3 e4 20.Bxc6 bxc6 21.Nd4 f4 22.Nxe6 Nxe6
23.Bd2 Nxc5 24.b4 Bxc3 25.Bxc3 Nd3 26.Rd2 Rd5 27.Re2 Re8 28.g3 Kf7 29.Ra1 a6
30.Rb1 Kg6 31.Rc2 Re6 32.Re2 h5 33.f3 e3 34.g4 hxg4 35.hxg4 Nf2 36.Be1 Nd3
37.Bc3 Nf2 38.Be1 Nd3 39.Bc3 Nf2 40.Rbe1

[Event "CAMPEONATO PANAMERICANO-CONTINENTAL ABSOLUTO 2010"
[Site "Cali, Departamento del Valle del Cauca"]
[Date "2010.11.17"]
[Round "2"]
[Board "1"]
[White "Lopez Idarraga, Daniel Eduardo"]
[Black "Cuellar, Diego"]
[Result "0-1"]
[WhiteElo "1997"]
[BlackElo "2133"]
[PlyCount "80"]
[EventDate "2010.11.17"]
[EventRounds "9"]
[EventCountry "COL"]

1.e4 e5 2.Nf3 Nc6 3.Bb5 a6 4.Ba4 Nf6 5.O-O Nxe4 6.d4 b5 7.Bb3 d5 8.dxe5 Be6
9.Be3 Be7 10.c3 O-O 11.Nbd2 Qd7 12.Nxe4 dxe4 13.Bxe6 Qxe6 14.Nd4 Qd7 15.e6 fxe6
16.Qg4 Nxd4 17.Bxd4 Bf6 18.Bxf6 Rxf6 19.Qxe4 Rd8 20.a4 Qd5 21.Qxd5 exd5 22.axb5
axb5 23.Ra7 Rc6 24.Rb7 Rc5 25.Rd1 Kf7 26.f3 Ke6 27.Rd4 Kd6 28.Rh4 Kc6 29.Ra7 Kb6
30.Ra1 h6 31.Re1 Rd7 32.Rg4 Rc4 33.Rg6+ c6 34.Ree6 b4 35.cxb4 Kb5 36.Kf2 d4
37.Ke2 d3+ 38.Kd2 Rc2+ 39.Kd1 Ra7 40.Re5+ Kxb4

[Event "CAMPEONATO PANAMERICANO-CONTINENTAL ABSOLUTO 2010"
[Site "Cali, Departamento del Valle del Cauca"]
[Date "2010.11.17"]
[Round "2"]
[Board "1"]
[White "Herrera, Juan Sebastian"]
[Black "Avellaneda Arevalo, Ronald"]
[Result "1-0"]
[WhiteElo "2125"]
[BlackElo "1965"]
[PlyCount "51"]
[EventDate "2010.11.17"]
[EventRounds "9"]
[EventCountry "COL"]

1.e4 Nf6 2.e5 Nd5 3.d4 d6 4.Nf3 Bg4 5.Be2 e6 6.c4 Nb6 7.exd6 cxd6 8.O-O Nc6 9.d5
exd5 10.cxd5 Bxf3 11.Bxf3 Ne5 12.Be2 Be7 13.Bb5+ Ned7 14.Nc3 O-O 15.Be3 a6
16.Bd3 Ne5 17.Bc2 f5 18.Ne2 Nbc4 19.Bc1 Qd7 20.Nf4 Rf6 21.b3 Nb6 22.Be3 Nc8
23.Ne6 Na7 24.f4 Ng4 25.Bd4 Rxe6 26.Bxf5

[Event "CAMPEONATO PANAMERICANO-CONTINENTAL ABSOLUTO 2010"
[Site "Cali, Departamento del Valle del Cauca"]
[Date "2010.11.18"]
[Round "3"]
[Board "1"]
[White "Barrientos, Sergio E"]
[Black "Rios, Cristhian Camilo"]
[Result "0-1"]
[WhiteElo "2516"]
[BlackElo "2405"]
[PlyCount "70"]
[EventDate "2010.11.17"]
[EventRounds "9"]
[EventCountry "COL"]

1.e4 c5 2.Nf3 e6 3.b3 Nf6 4.e5 Nd5 5.Bb2 Nc6 6.Bb5 Be7 7.O-O O-O 8.Na3 f6 9.Bxc6
bxc6 10.Nc4 fxe5 11.Nfxe5 Qc7 12.f4 Bf6 13.Qh5 Ba6 14.Qh3 Bxc4 15.bxc4 Nxf4
16.Qe3 Ng6 17.Rxf6 Rxf6 18.Nd3 Rf7 19.Nxc5 Qf4 20.Qxf4 Nxf4 21.Re1 Rb8 22.Be5
Ne2+ 23.Kh1 Rbf8 24.g3 Rf1+ 25.Rxf1 Rxf1+ 26.Kg2 Rd1 27.d3 Rd2 28.Nxd7 Nd4+
29.Kh3 Nxc2 30.Nc5 Ne1 31.Bc3 Re2 32.Kg4 Nxd3 33.Nxd3 Re3 34.Bxg7 Kxg7 35.Nc5
Re5

[Event "CAMPEONATO PANAMERICANO-CONTINENTAL ABSOLUTO 2010"
[Site "Cali, Departamento del Valle del Cauca"]
[Date "2010.11.18"]
[Round "3"]
[Board "1"]
[White "Guerra Tulcan, Lenin"]
[Black "Cori, Jorge"]
[Result "1/2-1/2"]
[WhiteElo "2350"]
[BlackElo "2502"]
[PlyCount "74"]
[EventDate "2010.11.17"]
[EventRounds "9"]
[EventCountry "COL"]

1.e4 e5 2.Nf3 Nc6 3.Bb5 a6 4.Ba4 Nf6 5.O-O Be7 6.Re1 b5 7.Bb3 O-O 8.c3 d6 9.h3
Na5 10.Bc2 c5 11.d4 Qc7 12.b4 cxb4 13.cxb4 Nc4 14.Nbd2 Bd7 15.Nxc4 bxc4 16.Rb1
Rfb8 17.a4 h6 18.Re3 exd4 19.Qxd4 Be6 20.Bd2 a5 21.bxa5 Rxb1+ 22.Bxb1 Rb8 23.Re1
Nd7 24.Qa1 Bf6 25.Nd4 Nc5 26.Bc2 Nb3 27.Bxb3 cxb3 28.Bc3 Rc8 29.Re3 Bd7 30.Bb2
Bxd4 31.Bxd4 Qc1+ 32.Qxc1 Rxc1+ 33.Kh2 Rc4 34.Bb2 Rxa4 35.Rxb3 Rxa5 36.Rg3 Rg5
37.Rd3 Rb5

[Event "CAMPEONATO PANAMERICANO-CONTINENTAL ABSOLUTO 2010"
[Site "Cali, Departamento del Valle del Cauca"]
[Date "2010.11.18"]
[Round "3"]
[Board "1"]
[White "Panesso Rivera, Henry"]
[Black "Lima, Darcy"]
[Result "0-1"]
[WhiteElo "2333"]
[BlackElo "2482"]
[PlyCount "78"]
[EventDate "2010.11.17"]
[EventRounds "9"]
[EventCountry "COL"]

1.d4 d5 2.Nf3 c5 3.c4 dxc4 4.e3 cxd4 5.Bxc4 Qc7 6.Qb3 e6 7.exd4 a6 8.Nc3 Nc6
9.Bd3 Nf6 10.Bg5 Be7 11.O-O O-O 12.a3 Ng4 13.Be3 Nxe3 14.fxe3 Bd7 15.Kh1 Rac8
16.Rad1 Na5 17.Qc2 Nc4 18.Bxc4 Qxc4 19.Ne5 Qc7 20.Nxd7 Qxd7 21.e4 Rc4 22.Qd3
Rfc8 23.Rf3 b5 24.e5 Rd8 25.Ne2 f6 26.Rdf1 f5 27.h3 Bg5 28.g4 fxg4 29.hxg4 Qc6
30.Kg1 Rc2 31.d5 Qc5+ 32.Qd4 Qc8 33.Nc3 exd5 34.Rf5 Be7 35.Kh1 Qe6 36.Qd3 Rxb2
37.Ne2 d4 38.Nf4 Qc6+ 39.Kg1 g6

[Event "CAMPEONATO PANAMERICANO-CONTINENTAL ABSOLUTO 2010"
[Site "Cali, Departamento del Valle del Cauca"]
[Date "2010.11.18"]
[Round "3"]
[Board "1"]
[White "Arenas, David"]
[Black "Gallego Alcaraz, Andres Felipe"]
[Result "1-0"]
[WhiteElo "2443"]
[BlackElo "2388"]
[PlyCount "73"]
[EventDate "2010.11.17"]
[EventRounds "9"]
[EventCountry "COL"]

1.e4 c5 2.Nf3 Nc6 3.d4 cxd4 4.Nxd4 Nf6 5.Nc3 e5 6.Ndb5 d6 7.Nd5 Nxd5 8.exd5 Nb8
9.c4 Be7 10.Be2 O-O 11.O-O f5 12.f4 a6 13.Nc3 Bf6 14.Kh1 Nd7 15.Be3 exf4 16.Bxf4
Ne5 17.Rc1 Bd7 18.Qb3 b6 19.Be3 Rb8 20.Qa3 Qe7 21.Bg1 b5 22.cxb5 axb5 23.Qb4 Nc4
24.Rfe1 Nxb2 25.a3 Na4 26.Nxb5 Nc3 27.Rxc3 Rxb5 28.Re3 Qxe3 29.Bxb5 Qxe1 30.Qxe1
Bxb5 31.Qe6+ Kh8 32.Qxd6 Re8 33.Qb4 Bd3 34.d6 h6 35.h3 Re2 36.Bd4 Bg5 37.h4

[Event "CAMPEONATO PANAMERICANO-CONTINENTAL ABSOLUTO 2010"
[Site "Cali, Departamento del Valle del Cauca"]
[Date "2010.11.18"]
[Round "3"]
[Board "1"]
[White "Zapata, Alonso"]
[Black "Contreras, Henry"]
[Result "1-0"]
[WhiteElo "2482"]
[BlackElo "2202"]
[PlyCount "57"]
[EventDate "2010.11.17"]
[EventRounds "9"]
[EventCountry "COL"]

1.e4 c5 2.Nf3 d6 3.d4 cxd4 4.Nxd4 Nf6 5.Nc3 a6 6.Bc4 e6 7.O-O b5 8.Bb3 Nbd7
9.Re1 Nc5 10.Bd5 Nxd5 11.exd5 e5 12.Nc6 Qc7 13.a4 bxa4 14.Nxa4 Nxa4 15.Rxa4 g6
16.Rc4 Qb7 17.Nxe5 dxe5 18.Rxe5+ Kd7 19.d6 Bxd6 20.Rd5 Re8 21.Rxd6+ Ke7 22.Qd4
Be6 23.Bg5+ f6 24.Rxe6+ Kxe6 25.Qxf6+ Kd5 26.Rd4+ Kc5 27.Qd6+ Kb5 28.Rb4+ Ka5
29.Qc5+

[Event "CAMPEONATO PANAMERICANO-CONTINENTAL ABSOLUTO 2010"
[Site "Cali, Departamento del Valle del Cauca"]
[Date "2010.11.18"]
[Round "3"]
[Board "1"]
[White "Cori T, Deysi"]
[Black "Arias, Lemmys A"]
[Result "1/2-1/2"]
[WhiteElo "2384"]
[BlackElo "2352"]
[PlyCount "72"]
[EventDate "2010.11.17"]
[EventRounds "9"]
[EventCountry "COL"]

1.d4 d5 2.c4 c6 3.Nf3 Nf6 4.Qb3 dxc4 5.Qxc4 Bf5 6.Nc3 e6 7.g3 Nbd7 8.Bg2 Be7
9.O-O O-O 10.Re1 Bg6 11.Qb3 Qb6 12.e4 Qxb3 13.axb3 Bb4 14.Nh4 e5 15.Nxg6 hxg6
16.dxe5 Nxe5 17.Rd1 Rfd8 18.Be3 Nd3 19.Nd5 cxd5 20.Rxd3 dxe4 21.Rxd8+ Rxd8
22.Rxa7 Rd1+ 23.Bf1 Nd5 24.Rxb7 Nxe3 25.fxe3 Bc5 26.Kf2 Rd2+ 27.Be2 Rxb2 28.Rb5
Bd6 29.Rb6 Bc5 30.Rb5 Bd6 31.Rd5 Bb4 32.Rd4 Rxb3 33.Rxe4 Kf8 34.Kf3 Bd6 35.Bc4
Rb4 36.Bd5 Rxe4

[Event "CAMPEONATO PANAMERICANO-CONTINENTAL ABSOLUTO 2010"
[Site "Cali, Departamento del Valle del Cauca"]
[Date "2010.11.18"]
[Round "3"]
[Board "1"]
[White "Garcia, Gildardo"]
[Black "Uribe, Mauricio"]
[Result "1-0"]
[WhiteElo "2378"]
[BlackElo "2381"]
[PlyCount "33"]
[EventDate "2010.11.17"]
[EventRounds "9"]
[EventCountry "COL"]

1.e4 e6 2.d4 d5 3.Nc3 Bb4 4.e5 Ne7 5.Bd2 b6 6.Nb5 Bxd2+ 7.Qxd2 Ba6 8.Nf3 O-O
9.h4 c6 10.Nd6 Bxf1 11.Kxf1 f6 12.Re1 c5 13.dxc5 bxc5 14.exf6 Qxd6 15.fxe7 Re8
16.Ng5 Qa6+ 17.Kg1

[Event "CAMPEONATO PANAMERICANO-CONTINENTAL ABSOLUTO 2010"
[Site "Cali, Departamento del Valle del Cauca"]
[Date "2010.11.18"]
[Round "3"]
[Board "1"]
[White "Munoz, Julian Andres"]
[Black "Estrada Nieto, Julian"]
[Result "1-0"]
[WhiteElo "2158"]
[BlackElo "2329"]
[PlyCount "57"]
[EventDate "2010.11.17"]
[EventRounds "9"]
[EventCountry "COL"]

1.d4 d5 2.Nf3 Nf6 3.e3 c5 4.b3 Nc6 5.Bb2 cxd4 6.exd4 Bg4 7.Nbd2 e6 8.Be2 Qa5
9.a3 Ne4 10.b4 Qb6 11.Nxe4 dxe4 12.Nd2 Bxe2 13.Qxe2 Nxd4 14.Qxe4 Rd8 15.O-O-O
Nc6 16.Nc4 Qb5 17.Rxd8+ Nxd8 18.Kb1 f6 19.Rd1 Be7 20.Qd3 O-O 21.Qd7 Qxc4 22.Qxe7
Nf7 23.Rd7 e5 24.Rc7 Qf1+ 25.Bc1 b5 26.Qc5 a6 27.Rc8 Nd8 28.Qd5+ Nf7 29.Qa8

[Event "CAMPEONATO PANAMERICANO-CONTINENTAL ABSOLUTO 2010"
[Site "Cali, Departamento del Valle del Cauca"]
[Date "2010.11.18"]
[Round "3"]
[Board "1"]
[White "Ostos, Julio"]
[Black "Salazar, Aura Cristina"]
[Result "0-1"]
[WhiteElo "2325"]
[BlackElo "2150"]
[PlyCount "78"]
[EventDate "2010.11.17"]
[EventRounds "9"]
[EventCountry "COL"]

1.e4 c5 2.Nf3 d6 3.Nc3 Nf6 4.e5 dxe5 5.Nxe5 Nbd7 6.Nc4 Nb6 7.Qf3 e6 8.Qg3 Nxc4
9.Bxc4 Bd6 10.Qxg7 Rg8 11.Bb5+ Ke7 12.Qh6 Rxg2 13.d3 Rg6 14.Qh4 Rg4 15.Qh3 Qg8
16.Be3 Rg1+ 17.Kd2 Rg2 18.Rae1 Qg4 19.Qxg4 Nxg4 20.Bg5+ f6 21.Bh4 Ne5 22.Re3 a6
23.Ba4 c4 24.Ne4 b5 25.Bxf6+ Kf7 26.Bh4 Bc7 27.Rhe1 bxa4 28.Ng5+ Kg6 29.Rxe5
Bxe5 30.Rxe5 cxd3 31.Nh3 Rxh2 32.Nf4+ Kf7 33.Bg3 Rh1 34.Nxd3 Bb7 35.Ra5 Rd8
36.Rxa4 Rd5 37.Ke3 h5 38.Rc4 Ke8 39.Nc5 Re1+

[Event "CAMPEONATO PANAMERICANO-CONTINENTAL ABSOLUTO 2010"
[Site "Cali, Departamento del Valle del Cauca"]
[Date "2010.11.18"]
[Round "3"]
[Board "1"]
[White "Morales, Jhon Alexander"]
[Black "Cadena, Gustavo Adolfo"]
[Result "1-0"]
[WhiteElo "2309"]
[BlackElo "2051"]
[PlyCount "89"]
[EventDate "2010.11.17"]
[EventRounds "9"]
[EventCountry "COL"]

1.e4 c5 2.Nc3 d6 3.f4 Nf6 4.Nf3 a6 5.g3 g6 6.Bg2 Bg7 7.O-O O-O 8.d3 Nc6 9.h3 Rb8
10.Ne2 d5 11.e5 Ne8 12.c3 Nc7 13.Be3 Ne6 14.d4 cxd4 15.cxd4 Qb6 16.Qd2 Na5 17.b3
Nc6 18.Rfc1 Rd8 19.g4 Nf8 20.Ng3 e6 21.Kh1 Ne7 22.Rf1 Bd7 23.Nh4 Bb5 24.Rf2 f5
25.exf6 Bxf6 26.Nf3 Rbc8 27.Rg1 Rc7 28.f5 exf5 29.gxf5 Rdc8 30.fxg6 Nfxg6 31.Qd1
Qd6 32.Nh5 Nf5 33.Nxf6+ Qxf6 34.Bg5 Ng3+ 35.Kh2 Qd6 36.Ne5 Ne4 37.Bxe4 dxe4
38.Bf4 e3 39.Nxg6 exf2 40.Ne7+ Kf7 41.Bxd6 fxg1=Q+ 42.Qxg1 Rc2+ 43.Kg3 R8c3+
44.Kh4 Ke6 45.Bb4

[Event "CAMPEONATO PANAMERICANO-CONTINENTAL ABSOLUTO 2010"
[Site "Cali, Departamento del Valle del Cauca"]
[Date "2010.11.18"]
[Round "3"]
[Board "1"]
[White "Mateus, Martha"]
[Black "Vittorino, Carlo Giovanni"]
[Result "0-1"]
[WhiteElo "2144"]
[BlackElo "2305"]
[PlyCount "51"]
[EventDate "2010.11.17"]
[EventRounds "9"]
[EventCountry "COL"]

1.e4 c5 2.Nf3 Nc6 3.d4 cxd4 4.Nxd4 g6 5.c4 Bg7 6.Be3 Nf6 7.Nc3 O-O 8.Be2 d6
9.O-O Bd7 10.Rc1 Nxd4 11.Bxd4 Bc6 12.Bf3 a5 13.Nd5 Bxd5 14.exd5 Nd7 15.Bxg7 Kxg7
16.Qd4+ Kg8 17.Rfe1 Nc5 18.Re3 Ra6 19.Rce1 e5 20.dxe6 fxe6 21.Rxe6 Nxe6 22.Rxe6
Qb6 23.Qd5 Qc5 24.Re7+ Qxd5 25.Bxd5+ Kh8 26.Rxb7

[Event "CAMPEONATO PANAMERICANO-CONTINENTAL ABSOLUTO 2010"
[Site "Cali, Departamento del Valle del Cauca"]
[Date "2010.11.18"]
[Round "3"]
[Board "1"]
[White "Mateus, Alejandro"]
[Black "Tobar, Juan Carlos"]
[Result "0-1"]
[WhiteElo "2274"]
[BlackElo "2016"]
[PlyCount "114"]
[EventDate "2010.11.17"]
[EventRounds "9"]
[EventCountry "COL"]

1.e4 d6 2.d4 g6 3.Nc3 Bg7 4.Be3 e6 5.Qd2 h6 6.Nge2 Nd7 7.h4 Ngf6 8.f3 a6 9.O-O-O
b5 10.e5 b4 11.exf6 bxc3 12.Nxc3 Nxf6 13.g4 Bb7 14.Bg2 h5 15.Bg5 Qb8 16.Qe2 Kf8
17.Rhe1 Bc6 18.Ne4 Bxe4 19.fxe4 Nxg4 20.e5 Ra7 21.Qf3 c5 22.exd6 Kg8 23.Qc6 cxd4
24.d7 Kh7 25.Qa4 Qd6 26.d8=Q Rxd8 27.Bxd8 Qxd8 28.Kb1 Qb6 29.Rd3 Ne3 30.Rb3 Qd8
31.Be4 f5 32.Bf3 e5 33.Rg1 Qf6 34.Rb8 Re7 35.Qb3 Qf7 36.Rb6 Nc4 37.Ka1 Nxb6
38.Qxb6 Qf6 39.Qb8 e4 40.Be2 Re6 41.Bc4 Qe5 42.Qc8 d3 43.c3 Qh2 44.Rb1 Rf6 45.a4
Qc2 46.Qg8+ Kh6 47.Bb3 Qf2 48.Qd8 Qxh4 49.Qd4 Qf4 50.Rg1 Rd6 51.Qc4 Qf2 52.Rh1
e3 53.Qc5 Rf6 54.Qd4 d2 55.Bd1 Re6 56.Qd7 Re4 57.Bxh5 Qe1+

[Event "CAMPEONATO PANAMERICANO-CONTINENTAL ABSOLUTO 2010"
[Site "Cali, Departamento del Valle del Cauca"]
[Date "2010.11.18"]
[Round "3"]
[Board "1"]
[White "Cuellar, Diego"]
[Black "Guerrero, Juan Carlos"]
[Result "1/2-1/2"]
[WhiteElo "2133"]
[BlackElo "2254"]
[PlyCount "112"]
[EventDate "2010.11.17"]
[EventRounds "9"]
[EventCountry "COL"]

1.e4 c5 2.Nf3 d6 3.d4 cxd4 4.Nxd4 Nf6 5.Nc3 g6 6.Be3 Bg7 7.f3 O-O 8.Qd2 Nc6
9.O-O-O d5 10.Kb1 Nxd4 11.e5 Nf5 12.exf6 exf6 13.Bc5 d4 14.Bxf8 Qxf8 15.Nb5 Ne3
16.Re1 f5 17.f4 Qc5 18.c3 Nxf1 19.Re8+ Bf8 20.Qxd4 Qxb5 21.Qd8 Nd2+ 22.Kc2 Qa4+
23.Kc1 Qxe8 24.Qxe8 Ne4 25.Rd1 Nf6 26.Qe5 Nd7 27.Qe8 Nf6 28.Qe5 Nd7 29.Qe3 Nc5
30.Rd8 Ne6 31.Re8 Kg7 32.g3 a5 33.Qd3 b6 34.Qd5 Bb7 35.Qe5+ Kg8 36.Rxa8 Bxa8
37.Qb8 Bd5 38.Kb1 Nc5 39.Qxb6 a4 40.Qb5 h5 41.c4 Be4+ 42.Kc1 a3 43.bxa3 Nd3+
44.Kd1 Bxa3 45.Qa6 Bc5 46.a4 Bg1 47.Qf6 Bf3+ 48.Kd2 Nc5 49.Ke1 Bxh2 50.Qd8+ Kh7
51.Kf2 Be4 52.Qh4 Nxa4 53.Qxh2 Nb2 54.Ke3 Nxc4+ 55.Kd4 Nd6 56.Ke5 Ne8

[Event "CAMPEONATO PANAMERICANO-CONTINENTAL ABSOLUTO 2010"
[Site "Cali, Departamento del Valle del Cauca"]
[Date "2010.11.18"]
[Round "3"]
[Board "1"]
[White "Garavito, Miguel Angel"]
[Black "Suasnabar, Jesus"]
[Result "1-0"]
[WhiteElo "2253"]
[BlackElo "1967"]
[PlyCount "57"]
[EventDate "2010.11.17"]
[EventRounds "9"]
[EventCountry "COL"]

1.d4 d5 2.c4 e6 3.Nc3 c5 4.cxd5 exd5 5.Nf3 Nc6 6.g3 c4 7.Bg2 Nf6 8.O-O Be7 9.b3
cxb3 10.Qxb3 Na5 11.Qc2 O-O 12.Bf4 a6 13.Rfc1 Ba3 14.Rd1 g6 15.Ne5 Be6 16.Qd3
Be7 17.Rac1 Rc8 18.h3 Bf5 19.e4 dxe4 20.Nxe4 Nxe4 21.Bxe4 Bxe4 22.Qxe4 Rxc1
23.Rxc1 Ba3 24.Rc2 Re8 25.Qf3 Qxd4 26.Nxf7 Nc6 27.Rd2 Qa1+ 28.Kg2 Bf8 29.Qd5

[Event "CAMPEONATO PANAMERICANO-CONTINENTAL ABSOLUTO 2010"
[Site "Cali, Departamento del Valle del Cauca"]
[Date "2010.11.18"]
[Round "3"]
[Board "1"]
[White "Ruiz C, Joshua D"]
[Black "Chirivi C, Jenny Astrid"]
[Result "0-1"]
[WhiteElo "2107"]
[BlackElo "2244"]
[PlyCount "82"]
[EventDate "2010.11.17"]
[EventRounds "9"]
[EventCountry "COL"]

1.e4 c5 2.Nf3 e6 3.d4 cxd4 4.Nxd4 a6 5.Nc3 Qc7 6.Bd3 Nf6 7.Bd2 b5 8.f4 Bb7 9.Qf3
d6 10.g4 Nc6 11.Nb3 Be7 12.h4 Nd7 13.O-O-O Nb6 14.Kb1 Rc8 15.Ne2 d5 16.Bc3 Bf6
17.Bxf6 gxf6 18.exd5 Nb4 19.c3 Nxd3 20.Qxd3 Bxd5 21.Rhf1 Qc4 22.Qd2 Qe4+ 23.Ka1
Nc4 24.Qe1 Ne3 25.Nbd4 Nxd1 26.Qxd1 Bc4 27.Ng3 Qd3 28.Qe1 Bd5 29.Nh5 Qc4
30.Nxf6+ Kd8 31.Nb3 b4 32.cxb4 Rc7 33.Qb1 Ba8 34.Rc1 Qxf4 35.Rf1 Qxb4 36.Qd3+
Kc8 37.Qxa6+ Bb7 38.Qd3 Rd8 39.Qxh7 Ba6 40.Rg1 Bd3 41.Qh6 Qxb3

[Event "CAMPEONATO PANAMERICANO-CONTINENTAL ABSOLUTO 2010"
[Site "Cali, Departamento del Valle del Cauca"]
[Date "2010.11.18"]
[Round "3"]
[Board "1"]
[White "Uribe Arteaga, Daniel"]
[Black "Manrique, Fernando"]
[Result "1-0"]
[WhiteElo "2220"]
[BlackElo "1964"]
[PlyCount "51"]
[EventDate "2010.11.17"]
[EventRounds "9"]
[EventCountry "COL"]

1.e4 e5 2.Nf3 Nc6 3.Nc3 Nf6 4.g3 Bc5 5.Bg2 d6 6.O-O Bg4 7.h3 Be6 8.d3 Qd7 9.Kh2
h6 10.Be3 g5 11.d4 exd4 12.Nxd4 O-O-O 13.Nxc6 bxc6 14.Bxc5 dxc5 15.Qe2 c4 16.e5
Nd5 17.Qxc4 Kb7 18.Na4 Qe7 19.Nc5+ Kb6 20.b4 Bc8 21.a4 a6 22.Nb3 Nxb4 23.a5+ Ka7
24.Nc5 Nd5 25.Rab1 h5 26.Qb3

[Event "CAMPEONATO PANAMERICANO-CONTINENTAL ABSOLUTO 2010"
[Site "Cali, Departamento del Valle del Cauca"]
[Date "2010.11.18"]
[Round "3"]
[Board "1"]
[White "Fernandez, Jaime"]
[Black "Torres, Jose Arturo"]
[Result "0-1"]
[WhiteElo "2015"]
[BlackElo "2202"]
[PlyCount "44"]
[EventDate "2010.11.17"]
[EventRounds "9"]
[EventCountry "COL"]

1.e4 c5 2.Nf3 Nc6 3.d4 cxd4 4.Nxd4 Nf6 5.Nc3 e5 6.Ndb5 Bb4 7.Nd6+ Ke7 8.Nf5+ Kf8
9.Bd3 Bxc3+ 10.bxc3 Qa5 11.Bd2 h6 12.O-O g5 13.Re1 d6 14.c4 Qa4 15.Qb1 Nd7
16.Qb5 Nc5 17.Reb1 b6 18.Be3 Qa3 19.Bxc5 dxc5 20.Rb3 Qa5 21.Be2 Qxb5 22.cxb5 Nd4

[Event "CAMPEONATO PANAMERICANO-CONTINENTAL ABSOLUTO 2010"
[Site "Cali, Departamento del Valle del Cauca"]
[Date "2010.11.18"]
[Round "3"]
[Board "1"]
[White "Sanchez, Victor Hugo"]
[Black "Prieto, Ernesto"]
[Result "1-0"]
[WhiteElo "2293"]
[BlackElo "2102"]
[PlyCount "111"]
[EventDate "2010.11.17"]
[EventRounds "9"]
[EventCountry "COL"]

1.e4 e5 2.Nf3 Nf6 3.Nxe5 d6 4.Nf3 Nxe4 5.Nc3 Nxc3 6.dxc3 Be7 7.Qd2 O-O 8.Qf4 Re8
9.Be3 Be6 10.O-O-O Nd7 11.Bd3 Bf6 12.h4 Be5 13.Nxe5 Nxe5 14.Be2 Ng6 15.Qg3 Ne7
16.Qf3 Qd7 17.g4 Qa4 18.a3 Qa5 19.Rhe1 b5 20.h5 c5 21.Rxd6 b4 22.Ra6 Qc7 23.c4
bxa3 24.Rxa3 Nc6 25.Bxc5 Ne5 26.Qe3 Rac8 27.Bd4 Nxc4 28.Bxc4 Qxc4 29.Rc3 Qa4
30.h6 Rcd8 31.Rd1 Bxg4 32.Ra3 Qd7 33.Qg3 g6 34.f3 Bf5 35.Qg5 Qc6 36.Rc3 Qa6
37.Qf6 Qxf6 38.Bxf6 Rxd1+ 39.Kxd1 Rc8 40.Ra3 Bxc2+ 41.Kd2 Bf5 42.Rxa7 Kf8 43.b4
Rc6 44.Bd4 Ke8 45.b5 Rd6 46.Kc3 Bc8 47.Rc7 Bd7 48.Rb7 g5 49.Rb8+ Bc8 50.Rxc8+
Kd7 51.Rc4 Rxh6 52.b6 Rc6 53.Bc5 Kc8 54.Kb4 Kb7 55.Rd4 Rf6 56.Rd7+

[Event "CAMPEONATO PANAMERICANO-CONTINENTAL ABSOLUTO 2010"
[Site "Cali, Departamento del Valle del Cauca"]
[Date "2010.11.18"]
[Round "3"]
[Board "1"]
[White "Renteria, Rolando"]
[Black "Llacsahuanga, Diego"]
[Result "1/2-1/2"]
[WhiteElo "2201"]
[BlackElo "2065"]
[PlyCount "112"]
[EventDate "2010.11.17"]
[EventRounds "9"]
[EventCountry "COL"]

1.e4 c5 2.Nf3 d6 3.d4 cxd4 4.Nxd4 Nf6 5.Nc3 a6 6.Bg5 e6 7.Qd2 h6 8.Be3 Ng4
9.O-O-O Nxe3 10.Qxe3 Be7 11.Kb1 Nc6 12.Nb3 b5 13.f4 Na5 14.Nxa5 Qxa5 15.Bd3 b4
16.Ne2 Qc5 17.Qf3 Bb7 18.g4 Bh4 19.Rhf1 O-O-O 20.c3 Kb8 21.Rc1 Rc8 22.Rc2 bxc3
23.Rxc3 Qa7 24.Rb3 Rc6 25.Qh3 Be7 26.Qh5 g6 27.Qa5 Rhc8 28.Nc3 Bd8 29.Qa4 Rb6
30.Qd7 Rxb3 31.axb3 Qb6 32.Ka2 Bf6 33.e5 dxe5 34.Qxf7 Bh8 35.Qxg6 exf4 36.Rxf4
Rxc3 37.bxc3 Qa5+ 38.Kb1 Qxc3 39.Rf8+ Ka7 40.Rxh8 Qxb3+ 41.Ka1 Qa3+ 42.Kb1 Qb3+
43.Kc1 Qc3+ 44.Bc2 Qa1+ 45.Kd2 Qxh8 46.Qd3 Qf6 47.h3 Qf2+ 48.Kc3 Qe1+ 49.Kd4 e5+
50.Kc5 Qg1+ 51.Kc4 a5 52.Qd6 Qf1+ 53.Bd3 Qf7+ 54.Kc3 Qd5 55.Qxh6 Qd4+ 56.Kc2 e4